|
|
|
|
| LEADER |
01702nam a2200397 a 4500 |
| 001 |
36689 |
| 003 |
BD-DhAAL |
| 005 |
20191125103920.0 |
| 008 |
191125t2006 bg a b 101 0 eng |
| 999 |
|
|
|c 41901
|d 41901
|
| 010 |
|
|
|a 2006414387
|
| 020 |
|
|
|a 9789840517558 (hbk.)
|
| 020 |
|
|
|a 9840517554 (hbk.)
|
| 040 |
|
|
|a DLC
|b eng
|c DLC
|d ANL
|d BD-DhAAL
|
| 042 |
|
|
|a lcode
|
| 043 |
|
|
|a a-bg---
|
| 050 |
0 |
0 |
|a HC440.8.Z9
|b P612338 2006
|
| 082 |
0 |
4 |
|a 338.95492
|2 22
|
| 245 |
0 |
0 |
|a Growth and poverty :
|b the development experience of Bangladesh /
|c editors Sadiq Ahmed and Wahiduddin Mahmud.
|
| 260 |
|
|
|a Dhaka :
|b The University Press,
|c c2006.
|
| 300 |
|
|
|a xxii, 315 pages :
|b illustrations ;
|c 21 cm.
|
| 504 |
|
|
|a Includes bibliographical references and index.
|
| 520 |
|
|
|a Contributed articles presented at a seminar held in Dhaka during June 26-27, 2003 organized at Bureau of Economic Research, University of Dhaka and with support of World Bank.
|
| 526 |
|
|
|a ESS
|
| 541 |
|
|
|a Complimentary copy from Professor Dr. Nasreen Khundker.
|e 36689
|
| 650 |
|
0 |
|a Poverty
|z Bangladesh
|v Congresses.
|9 37624
|
| 651 |
|
0 |
|a Bangladesh
|x Economic policy.
|9 37625
|
| 651 |
|
0 |
|a Bangladesh
|x Social policy.
|9 37626
|
| 651 |
|
0 |
|a Economics
|9 37631
|
| 700 |
1 |
|
|a Ahmed, Sadiq.
|9 37627
|
| 700 |
1 |
|
|a Mahmud, Wahiduddin.
|9 37628
|
| 710 |
2 |
|
|a World Bank.
|9 37629
|
| 710 |
2 |
|
|a University of Dhaka.
|b Bureau of Economic Research.
|9 37630
|
| 852 |
|
|
|a Ayesha Abed Library
|c General Stacks
|
| 942 |
|
|
|2 ddc
|c BK
|
| 952 |
|
|
|0 0
|1 0
|2 ddc
|4 0
|6 338_954920000000000_GRO
|7 0
|9 67285
|a BRACUL
|b BRACUL
|c GEN
|d 2019-11-25
|e Complimentary copy from Professor Dr. Nasreen Khundker.
|l 0
|o 338.95492 GRO
|p 3010036689
|r 2019-11-25
|t 1
|w 2019-11-25
|y BK
|